| 000 | 00935nam a2200217 i 4500 | ||
|---|---|---|---|
| 001 | 51171 | ||
| 003 | ES-MaACL | ||
| 005 | 20230906162319.0 | ||
| 007 | t| | ||
| 008 | 030811s1949 dr f |||| | spa d | ||
| 100 | 1 |
_aChardon, Carlos E. _938067 |
|
| 245 | 1 | 4 |
_aLos naturalistas en la América Latina / _cpor Carlos E. Chardon. |
| 260 |
_aCiudad Trujillo (República Dominicana) : _b[s.n., _c1949] |
||
| 300 |
_a1 v. (VII, 386 p., 27 lám.) ; _c23 cm. |
||
| 500 | _aPrecede al tít.: Secretaría de Estado de Agricultura, Pecuaria y Colonización. | ||
| 505 | 8 | _aContiene: I. Los siglos XVI, XVII y XVIII, Alejandro Humboldt, Carlos Darwin, la Española, Cuba y Puerto Rico | |
| 650 | 4 |
_aCiencias naturales- _zAmérica Latina. _9169308 |
|
| 650 | 4 |
_aNaturalistas- _zAmérica Latina. _9169309 |
|
| 710 | 2 |
_aRepública Dominicana. _bSecretaría de Estado de Agricultura, Pecuaria y Colonización. _9169310 |
|
| 852 |
_aES-MaACL _jE-3443 |
||
| 999 |
_c51171 _d51171 |
||